Boj o olympiádu

Bibliographic Details
Format: Article
Language:Slovak
Hungarian
PhysicalDescription:Fotogr.
ISSN:1338-9068
Subjects:

MARC

LEADER 00000nab a2200000 a 4500
001 vtls010645584
003 SK-MaSNL
005 20260303171129.0
008 150108|2014 xo m| 000 02slo
015 |a SNBRB2015/01 
038 |a DSZK 
040 |a DSZK  |b slo  |c DSZK  |e AACR2 
041 0 |a slo  |a hun 
044 |a xo  |c SK 
080 |a 796.86  |x (437.612)  |2 2001 
245 0 0 |a Boj o olympiádu  |c [autor] (duc) 
300 |b Fotogr. 
546 |a Dvojjazyčné vydanie 
610 2 7 |a Klub šermu (Šamorín, Slovensko)  |2 dszk  |9 1194207 
648 7 |a 2014  |2 dszk  |9 334827 
650 0 7 |a šerm  |2 SNKPH  |9 3252 
651 7 |a Šamorín (Slovensko)  |2 SNKPHgeo  |9 28925 
773 0 |t Šamorín a okolie=Somorja és vidéke  |g Roč. XXIV, č. 12 (2014), s. 11  |x 1338-9068 
852 |a DSZK  |b KIS3GCP 
958 |a SK 
999 |c 2080035  |d 2081965